La solitudine del piacere

保存先:
書誌詳細
第一著者: Luetkehaus Ludger
フォーマット: 図書
言語:言語不明
出版事項: Milano Cortina 1993
タグ: タグ追加
タグなし, このレコードへの初めてのタグを付けませんか!

MARC

LEADER 00000nam a2200000Ia 4500
001 137
003 NUMERAZIONE-ORIGINALE-BRESCIA
005 20260206230748.0
008 260206s9999 xx 000 0 und d
100 |a Luetkehaus Ludger 
245 0 |a La solitudine del piacere 
260 |a Milano 
260 |b Cortina 
260 |c 1993 
500 |a Le Conchiglie 
500 |a Scritti sulla masturbazione 
942 |2 ddc  |c BK  |n 0 
952 |0 0  |1 0  |2 ddc  |4 0  |6 13  |7 0  |9 28327  |a BS  |b BS  |d 2026-02-06  |i 137  |l 0  |o 1-3-*  |r 2026-02-06 22:40:32  |w 2026-02-06  |x [REVISIONARE]  |y BK 
999 |c 24018  |d 24018